Curación con las hierbas (Record no. 176148)

MARC details
000 -LEADER
campo de control de longitud fija 00799nam a2200241 i 4500
001 - NÚMERO DE CONTROL
campo de control 176148
003 - IDENTIFICADOR DE NÚMERO DE CONTROL
campo de control ES-MaACL
005 - FECHA Y HORA DE LA ÚLTIMA TRANSACCIÓN
campo de control 20250806064056.0
007 - CAMPO FIJO DE DESCRIPCIÓN FÍSICA--INFORMACIÓN GENERAL
campo de control de longitud fija t|
008 - DATOS DE LONGITUD FIJA--INFORMACIÓN GENERAL
campo de control de longitud fija 101220s1969 sp f ||||1| spa d
080 ## - NÚMERO DE LA CLASIFICACIÓN DECIMAL UNIVERSAL
Número de la Clasificación Decimal Universal 633.8
100 1# - ENTRADA PRINCIPAL--NOMBRE DE PERSONA
Nombre de persona Varvello, Luciana.
9 (RLIN) 113251
245 10 - MENCIÓN DEL TÍTULO
Título Curación con las hierbas
Resto del título : plantas medicinales y sus propiedades curativas /
Mención de responsabilidad, etc. Luciana Varvello.
260 ## - PUBLICACIÓN, DISTRIBUCIÓN, ETC.
Lugar de publicación, distribución, etc. Barcelona :
Nombre del editor, distribuidor, etc. De Vecchi,
Fecha de publicación, distribución, etc. imp. 1969.
300 ## - DESCRIPCIÓN FÍSICA
Extensión 156, [16] p. de lám. col. ;
Dimensiones 17 cm.
490 1# - MENCIÓN DE SERIE
Mención de serie Biblioteca médica De Vecchi ;
Designación de volumen o secuencia 12-13
500 ## - NOTA GENERAL
Nota general Con 16 láminas en colores.
500 ## - NOTA GENERAL
Nota general Índice.
650 07 - PUNTO DE ACCESO ADICIONAL DE MATERIA--TÉRMINO DE MATERIA
Término de materia o nombre geográfico como elemento de entrada Plantas medicinales
Fuente del encabezamiento o término embne
9 (RLIN) 16118
830 0# - PUNTO DE ACCESO ADICIONAL DE SERIE-TÍTULO UNIFORME
Título uniforme Biblioteca médica De Vecchi ;
Designación de volumen o secuencia 12-13
9 (RLIN) 189948
852 ## - LOCALIZACIÓN
Ubicación ES-MaACL
Número de control de estantería E-13835
Encuadernación Olim P-1292
Holdings
Estatus retirado Estado de pérdida Estado de daño No para préstamo Biblioteca de origen Biblioteca actual Ubicación en estantería Fecha de adquisición Fuente de adquisición Total de préstamos Signatura topográfica completa Código de barras Visto por última vez Precio de reemplazo Tipo de ítem Koha
        Biblioteca del Ateneo de Madrid Biblioteca del Ateneo de Madrid Depósito 2 20/12/2010     E-13835 1184995 23/02/2023 23/02/2023 Libro impreso